Binary addition - Statistics

General Stats
  • This quiz has been taken 56 times
  • The average score is 10 of 20
Answer Stats
added binary numbers sum(in binary) % Correct
100 + 1 101
93%
10 + 1101 1111
90%
11 + 11 110
85%
101 + 1 110
85%
100 + 110 1010
80%
1100 + 111 10011
78%
111 + 111 1110
71%
1 + 1011 1100
66%
110011 + 11 110110
46%
10101 + 1110 100011
44%
1100 + 11111 101011
44%
1110101 + 1 1110110
34%
1001 + 10111 100000
32%
101000 + 11011 1000011
24%
100011 + 10101 111000
24%
11100 + 10010 101110
22%
100100 + 1101 110001
22%
100010 + 11111 1000001
15%
101111 + 100100 1010011
10%
110011 + 10110 1001001
5%
No matching quizzes found
Score Distribution
Percent of People with Each Score
Percentile by Number Answered
Your Score History
You have not taken this quiz